Państwa świata z literą D - Statystyki

Ogólne statystyki
  • Ten quiz został rozwiązany 2 300 razy
    2 233 od ostatniego zresetowania
  • Średni wynik to 33 z 47
Statystyki odpowiedzi
Państwa % Poprawnych
Dania
97%
Dominika
89%
Dominikana
89%
Demokratyczna Republika Konga
88%
Andora
82%
Dżibuti
80%
Republika Południowej Afryki
79%
Indonezja
78%
Indie
77%
Finlandia
76%
Irlandia
76%
Islandia
75%
Korea Południowa
75%
Sudan
75%
Kanada
74%
Arabia Saudyjska
73%
Holandia
73%
Zjednoczone Emiraty Arabskie
73%
Sudan Południowy
72%
Tadżykistan
72%
Honduras
71%
Madagaskar
71%
Azerbejdżan
70%
Czad
69%
Republika Zielonego Przylądka
69%
USA
69%
Antigua i Barbuda
68%
Macedonia Północna
68%
Republika Środkowoafrykańska
68%
Jordania
66%
Bangladesz
65%
Mołdawia
65%
Nowa Zelandia
65%
Ekwador
64%
Fidżi
63%
Grenada
62%
Tajlandia
62%
Trynidad i Tobago
62%
Uganda
62%
Burundi
60%
Kambodża
60%
Rwanda
60%
Barbados
59%
Malediwy
54%
Saint Vincent i Grenadyny
52%
Salwador
49%
Timor Wschodni
41%
Nie znaleziono quizów pasujących do podanych kryteriów
Rozkład punktacji
Procent ludzi z każdym wynikiem
Percentyl według liczby udzielonych odpowiedzi
Twoja historia wyników
Nie rozwiązałeś tego quizu od ostatniego zresetowania